| 000 | 00649nam a2200181 i 4500 | ||
|---|---|---|---|
| 001 | 36620 | ||
| 003 | ES-MaACL | ||
| 005 | 20230906155414.0 | ||
| 007 | t| | ||
| 008 | 030218s1979 sp ||||1| spa d | ||
| 100 | 1 |
_aBraun-Blanquet, J. _931420 |
|
| 245 | 1 | 0 |
_aFitosociología _b: bases para el estudio de las comunidades vegetales / _cJ. Braun-Blanquet ; traducido por Jorge Lalucat Jo ; revisado por J. Oriol de Bolos Capdevilla. |
| 260 |
_aMadrid : _bH. Blume, _c[1979] |
||
| 300 |
_aXX, 820 p. : _bil. ; _c24 cm. |
||
| 700 | 1 |
_aLalucat Jo, Jorge. _969746 |
|
| 700 | 1 |
_aBolos Capdevilla, J. Oriol. _930003 |
|
| 852 |
_aES-MaACL _jC-21151 _bR.99594 |
||
| 999 |
_c36620 _d36620 |
||